000 00366nam a2200157Ia 4500
008 200103s9999||||xx |||||||||||||| ||und||
020 _a9780071126380
040 _aIMU-MPC
082 _aColumn-30
100 _aHolman, J. P.
245 0 _aHeat Transfer
250 _a7th Ed.
260 _bMcGraw-Hill Book Company, Inc.
_c1990
300 _axx, 714
942 _cBK
999 _c7415
_d7415